00326nam a2200121Ia 4500008004100000082001800041100001900059245004900078250000800127260004300135300001000178650001600188191201s2004 xx 000 0 und d a621.3815bCHF aCHAKRABARTI, A 0aFundamentals of Power Electronics and Drives a2nd aN.DelhibDhanpat Rai Pub (P) Ltdc2004 a14.14 aB.Tech(ECE)